Responses for Show #8290 - Friday, November 27, 2020

Ryan Hemmel game 3.

Contestants

[<< previous game]

Chandy McCarty, a civil engineer from Phoenix, Arizona

Gabriel Ostler, a swim instructor from Orinda, California

Ryan Hemmel, a legal technology professional from Los Angeles, California (whose 2-day cash winnings total $48,802)

[next game >>]

Jeopardy! Round responses

PAPERBACK WRITER
PALINDROMES
PRO TEAMS' MASCOTS
REAL-DEAL RHYME TIME
LET'S START A SMALL BUSINESS
ADVENTURE CAPITAL
    $200 30
(Stephen) King

Gabriel
    $200 27
radar

Gabriel
    $200 5
Orlando

Gabriel
    $200 28
a walkie-talkie

Ryan
    $200 29
500

Gabriel
    $200 24
Colombia

Ryan
    $400 21
Conan

Gabriel
    $400 10
a Civic

Gabriel
    $400 4
the Pittsburgh Penguins

Ryan
    $400 26
the Dream Team

Ryan
    $400 25
(Gabriel: What are grants?)

taxes

RyanGabriel
    $400 23
(Gabriel: What is Pretoria?)

Cape Town

GabrielChandy
    $5,000 20
(Gabriel: Uh, who is Lee?)

Toni Morrison

Gabriel
    $600 8
(Gabriel: What is "I am Sam"?)
(Chandy: What is "Sam I am"?)

Madam, I'm Adam

GabrielChandy
Triple Stumper
    $600 3
the Broncos

Gabriel
    $600 9
a booze cruise

Gabriel
    $600 17
patents

Ryan
    $600 18
whitewater

Gabriel
    $800 12
(Sue) Grafton

Ryan
    $800 7
a level

Ryan
    $800 2
the 49ers

Gabriel
    $800 15
Swiss Miss

Gabriel
    $800 16
an angel investor

Gabriel
    $800 13
zip lines

Gabriel
    $1000 11
(R.L.) Stine

Gabriel
    $1000 6
My Gym

Triple Stumper
    $1000 1
the (Milwaukee) Brewers

Gabriel
    $1000 14
a fuddy-duddy

Gabriel
    $1000 22
limited liability corporations (companies)

Ryan
    $1000 19
Orly & Charles de Gaulle

Triple Stumper

Scores at the first commercial break (after clue 15):

Ryan Gabriel Chandy
$2,000 $6,600 -$600

Scores at the end of the Jeopardy! Round:

Ryan Gabriel Chandy
$4,800 $3,200 -$200

Double Jeopardy! Round responses

AMERICAN HISTORY TIMELINE
ACTOR FACTS
THE ATMOSPHERE
RANKS & TITLES
BIBLICAL WOMEN
C AS IN "CAT"
    $400 11
The Pledge of Allegiance

Chandy
    $400 21
James Dean

Gabriel
    $400 30
(Gabriel: What are currents?)

rivers

RyanGabriel
    $400 29
pharaoh

Gabriel
    $400 13
Sarah

Ryan
    $400 1
a cat burglar

Gabriel
    $800 8
rationing

Gabriel
    $800 20
(Gabriel: What is John Wick?)
(Ryan: Who is Bill?)
(Chandy: Who is [*]?)
[Laughter]
(Alex: Yes, they narrowed it down beautifully for you.)
(Chandy: Thank you, thank you.)

Ted

RyanGabrielChandy
    $800 24
UFO clouds

Triple Stumper
    $9,000 26
the Dalai Lama

Ryan
    $800 16
Orpah

Ryan
    $800 3
Catalina

Gabriel
    $1200 5
Great Britain

Triple Stumper
    $1200 17
Naomi Watts

Gabriel
    $3,500 23
nitrogen

Gabriel
    $1200 10
colonel

Chandy
    $1200 15
Mary Magdalene

Chandy
    $1200 4
a catacomb

Ryan
    $1600 6
the Sierra Club

Gabriel
    $1600 25
(Thandie) Newton

Ryan
    $1600 22
a heat shield

Triple Stumper
    $1600 9
king

Gabriel
    $1600 14
Jezebel

Chandy
    $1600 2
caterpillar

Chandy
    $2000 7
John C. Frémont

Triple Stumper
    $2000 28
Calamity Jane

Chandy
    $2000 27
the troposphere

Gabriel
    $2000 18
the doges

Ryan
    $2000 19
Aaron & Moses

Chandy
    $2000 12
catechism

Chandy

Scores at the end of the Double Jeopardy! Round:

Ryan Gabriel Chandy
$19,400 $14,700 $12,600

[wagering suggestions for these scores]

Final Jeopardy! Round responses

WORLD GEOGRAPHY
ChandyWhat is Zimbabwe?
$4,400
GabrielWhat is Zimbabwe?
$14,698
RyanWhat is Uganda?
$10,001
Uganda

Final scores:

Ryan Gabriel Chandy
$29,401 $2 $8,200
3-day champion: $78,203 3rd place: $1,000 2nd place: $2,000

Game dynamics:

Coryat scores:

Ryan Gabriel Chandy
$11,200 $17,400 $12,600
16 R
(including 1 DD),
1 W
26 R
(including 1 DD),
6 W
(including 1 DD)
10 R,
1 W

Combined Coryat: $41,200

[game clues] [game scores] [suggest correction]

Game tape date: 2020-09-14
The J! Archive is created by fans, for fans. Scraping, republication, monetization, and malicious use prohibited; this site may use cookies and collect identifying information. See terms. The Jeopardy! game show and all elements thereof, including but not limited to copyright and trademark thereto, are the property of Jeopardy Productions, Inc. and are protected under law. This website is not affiliated with, sponsored by, or operated by Jeopardy Productions, Inc. Join the discussion at JBoard.tv.